[Event "Marburg op-A"]
[Site "Marburg"]
[Date "2023.10.28"]
[Round "5"]
[White "Weller, Werner"]
[Black "Kretschmer, Wolfgang1"]
[Result "1/2-1/2"]
[WhiteElo "1710"]
[BlackElo "1993"]
[PlyCount "71"]
[EventDate "2023.10.26"]
[EventType "swiss"]
[EventRounds "7"]
[EventCountry "GER"]
[SourceTitle "CB49_2023"]
[SourceDate "2023.12.06"]
[SourceVersion "1"]
[SourceVersionDate "2023.12.06"]
[SourceQuality "1"]

1. c4 Nf6 2. g3 c5 3. Bg2 Nc6 4. Nc3 d6 5. Nf3 e6 6. a3 d5 7. cxd5 exd5 8. d4 h6 9. 0-0 Be6 10. e3 a6 11. dxc5 Bxc5 12. b4 Bd6 13. Bb2 b5 14. Nd4 Ne5 15. e4 Bd7 16. Nxd5 Nxd5 17. exd5 0-0 18. Nc6 Bxc6 19. dxc6 Qc7 20. Qd4 f6 21. Qd5+ Kh8 22. Bxe5 Bxe5 23. Rad1 Rad8 24. Qb3 Rd4 25. Rxd4 Bxd4 26. Rd1 Rd8 27. Kf1 Bb6 28. Qc2 Rxd1+ 29. Qxd1 Kg8 30. Qd7 Kf8 31. Bd5 Qxd7 32. cxd7 Ke7 33. Bb7 Kxd7 34. Bxa6 Kc6 35. f3 Bd4 36. Ke2 1/2-1/2

[Event "Pfalz-ch HT5 86th"]
[Site "Wolfstein"]
[Date "2017.04.08"]
[Round "2"]
[White "Henkel, Ralf"]
[Black "Weller, Werner"]
[Result "1/2-1/2"]
[WhiteElo "1977"]
[BlackElo "1883"]
[PlyCount "61"]
[EventDate "2017.04.07"]
[EventType "swiss"]
[EventRounds "7"]
[EventCountry "GER"]
[SourceTitle "EXT 2018"]
[Source "ChessBase"]
[SourceDate "2017.10.13"]
[SourceVersion "1"]
[SourceVersionDate "2017.10.13"]
[SourceQuality "1"]

1. e4 c5 2. d4 cxd4 3. c3 d3 4. c4 g6 5. Bxd3 Bg7 6. Nf3 d6 7. 0-0 Nf6 8. Nc3 0-0 9. Bg5 Nbd7 10. Rc1 b6 11. Qe2 Bb7 12. Rfd1 Re8 13. Bb1 Qb8 14. h3 a6 15. Nd5 Nxd5 16. cxd5 h6 17. Be3 Rc8 18. Nd4 Bxd4 19. Bxd4 Rxc1 20. Rxc1 Qd8 21. f4 Rc8 22. Rd1 Qc7 23. Qg4 Nf8 24. Kh1 b5 25. Bc3 Qd7 26. Qh4 Kh7 27. e5 dxe5 28. fxe5 Rc4 29. Be4 Bxd5 30. Qe1 e6 31. Bd3 1/2-1/2

[Event "Rheinland Pfalz op 5th"]
[Site "Worms"]
[Date "2013.06.01"]
[Round "6"]
[White "Karsay, Pascal"]
[Black "Weller, Werner"]
[Result "1-0"]
[WhiteElo "1693"]
[BlackElo "1920"]
[PlyCount "67"]
[EventDate "2013.05.30"]
[EventType "swiss"]
[EventRounds "7"]
[EventCountry "GER"]
[SourceTitle "EXT 2014"]
[Source "ChessBase"]
[SourceDate "2013.11.20"]
[SourceVersion "1"]
[SourceVersionDate "2013.11.20"]
[SourceQuality "1"]

1. e4 c6 2. d4 d5 3. Nc3 dxe4 4. Nxe4 Bf5 5. Ng3 Bg6 6. h4 h6 7. h5 Bh7 8. Nf3 e6 9. Bd3 Bxd3 10. Qxd3 Nf6 11. Bf4 Nbd7 12. c3 Qb6 13. 0-0 0-0-0 14. Rab1 Nd5 15. Bd2 Qc7 16. c4 N5f6 17. b4 Bd6 18. Ne4 Nxh5 19. Nxd6+ Qxd6 20. b5 b6 21. bxc6 Qxc6 22. Qa3 Kb7 23. c5 b5 24. Qa5 Ka8 25. Rxb5 Rb8 26. Rfb1 g5 27. Qa4 Rxb5 28. Rxb5 Qc7 29. Ba5 Qc8 30. Ne5 Nxe5 31. dxe5 Nf4 32. Bb6 Kb7 33. Bxa7+ Ka8 34. Bb8+ 1-0

[Event "Zweibruecken PSB-ch HT2 82nd"]
[Site "Zweibruecken"]
[Date "2013.03.30"]
[Round "7"]
[White "Zimmer, Sascha"]
[Black "Weller, Werner"]
[Result "0-1"]
[WhiteElo "1708"]
[BlackElo "1692"]
[PlyCount "80"]
[EventDate "2013.??.??"]
[EventType "swiss"]
[EventRounds "7"]
[EventCountry "GER"]
[SourceTitle "EXT 2014"]
[Source "ChessBase"]
[SourceDate "2013.11.20"]
[SourceVersion "1"]
[SourceVersionDate "2013.11.20"]
[SourceQuality "1"]

1. e4 c6 2. d4 d5 3. e5 Bf5 4. Nc3 e6 5. g4 Bg6 6. h4 h6 7. Bd3 Bxd3 8. Qxd3 Nd7 9. Bf4 a6 10. Nge2 c5 11. 0-0-0 cxd4 12. Nxd4 Nc5 13. Qg3 Qa5 14. Bd2 Na4 15. Nb3 Nxc3 16. Bxc3 Qc7 17. f4 Rc8 18. Qd3 Qc4 19. Qf3 Bc5 20. Kb1 b5 21. Rh2 Ne7 22. Nxc5 Qxc5 23. a3 Nc6 24. Rhd2 b4 25. Bxb4 Nxb4 26. axb4 Qxb4 27. Rd4 Qc5 28. Qd3 a5 29. f5 0-0 30. g5 h5 31. f6 g6 32. c3 Rc7 33. Qc2 Rb8 34. R1d3 Qb5 35. Ra4 Rcb7 36. Ra2 Rb6 37. Kc1 Qb3 38. Qb1 a4 39. Rd2 a3 40. Rxa3 Qxa3 0-1

[Event "Zweibruecken PSB-ch HT2 82nd"]
[Site "Zweibruecken"]
[Date "2013.03.23"]
[Round "2"]
[White "Kopf, Rainer"]
[Black "Weller, Werner"]
[Result "0-1"]
[WhiteElo "1878"]
[BlackElo "1692"]
[PlyCount "92"]
[EventDate "2013.??.??"]
[EventType "swiss"]
[EventRounds "7"]
[EventCountry "GER"]
[SourceTitle "EXT 2014"]
[Source "ChessBase"]
[SourceDate "2013.11.20"]
[SourceVersion "1"]
[SourceVersionDate "2013.11.20"]
[SourceQuality "1"]

1. d4 d5 2. Nf3 Nf6 3. c4 c6 4. e3 g6 5. Nc3 Bg7 6. Be2 0-0 7. 0-0 b6 8. b3 Bb7 9. Bb2 Nbd7 10. Ne5 e6 11. f4 Rc8 12. cxd5 Nxd5 13. Qd2 Nxe5 14. dxe5 Nxf4 15. Qxd8 Nxe2+ 16. Nxe2 Rfxd8 17. Rad1 Ba6 18. Kf2 Bxe2 19. Kxe2 Rd5 20. e4 Rdd8 21. Kf3 Kf8 22. g4 Ke8 23. Ke2 Rxd1 24. Rxd1 Rd8 25. Rd3 Rxd3 26. Kxd3 Kd7 27. a4 a6 28. Kc4 Bf8 29. Bd4 b5+ 30. axb5 cxb5+ 31. Kd3 Kc6 32. Bc3 b4 33. Bb2 Kb5 34. Kc2 Bc5 35. Kd3 a5 36. Kd2 Bg1 37. h3 Bh2 38. Bd4 Bf4+ 39. Kc2 Bg5 40. Kb2 Be7 41. Kc2 a4 42. Kb2 a3+ 43. Kc2 Bc5 44. Ba1 Bf2 45. Kd2 Kc5 46. Kd3 Bg1 0-1

[Event "Griesheim op"]
[Site "Griesheim"]
[Date "2007.05.13"]
[Round "4"]
[White "Weller, Werner"]
[Black "Hahn, Werner"]
[Result "0-1"]
[WhiteElo "1993"]
[BlackElo "2151"]
[PlyCount "90"]
[EventDate "2007.05.11"]
[EventType "swiss"]
[EventRounds "5"]
[EventCountry "GER"]
[SourceTitle "EXT 2011"]
[Source "ChessBase"]
[SourceDate "2010.11.26"]
[SourceVersion "1"]
[SourceVersionDate "2010.11.26"]
[SourceQuality "1"]

1. d4 Nf6 2. c4 g6 3. Nf3 Bg7 4. Nc3 0-0 5. Bg5 d6 6. e3 Nbd7 7. Qc2 c6 8. a4 e5 9. d5 Qc7 10. Rc1 a5 11. Be2 Nc5 12. Nd2 Ne8 13. 0-0 f5 14. f3 h6 15. Bh4 g5 16. Be1 Nf6 17. Nb3 Nxb3 18. Qxb3 c5 19. Nb5 Qe7 20. Bc3 g4 21. Qd1 h5 22. Qe1 Bh6 23. Bd1 gxf3 24. gxf3 f4 25. exf4 Bxf4 26. Bd2 Nh7 27. Kh1 Kh8 28. Rg1 Bxd2 29. Qxd2 e4 30. Qc3+ Nf6 31. fxe4 Qxe4+ 32. Bf3 Qh4 33. Nxd6 Bh3 34. Rg6 Qf4 35. Ne4 Bg4 36. Bxg4 Qxe4+ 37. Bf3 Qxg6 38. Rg1 Qf5 39. Qe3 Ra6 40. Rg3 Ng4 41. Qc3+ Raf6 42. h3 Ne5 43. Bg2 Rg8 44. Rxg8+ Kxg8 45. Qxa5 Nf3 0-1

[Event "RLP-ch MTB 24th"]
[Site "Kaiserslautern"]
[Date "2005.??.??"]
[Round "4"]
[White "Sprenger, Clemens"]
[Black "Weller, Werner"]
[Result "1-0"]
[WhiteElo "2090"]
[BlackElo "1730"]
[PlyCount "33"]
[EventDate "2005.??.??"]
[EventType "swiss"]
[EventRounds "7"]
[EventCountry "GER"]
[SourceTitle "EXT 2009"]
[Source "ChessBase"]
[SourceDate "2008.11.26"]
[SourceVersion "1"]
[SourceVersionDate "2008.11.26"]
[SourceQuality "1"]

1. d4 d5 2. c4 e6 3. Nc3 Nf6 4. Bg5 Be7 5. e3 0-0 6. Nf3 b6 7. Qc2 c5 8. Bxf6 Bxf6 9. 0-0-0 cxd4 10. Nxd4 e5 11. Ndb5 d4 12. Qe4 Be6 13. Qxa8 Qe7 14. Nd5 Bxd5 15. Qxd5 Qb4 16. Qd6 Qa4 17. Qa3 1-0

[Event "RLP-ch MTB 24th"]
[Site "Kaiserslautern"]
[Date "2005.??.??"]
[Round "3"]
[White "Weller, Werner"]
[Black "Schluchter, Steffen"]
[Result "1-0"]
[WhiteElo "1730"]
[BlackElo "2140"]
[PlyCount "87"]
[EventDate "2005.??.??"]
[EventType "swiss"]
[EventRounds "7"]
[EventCountry "GER"]
[SourceTitle "EXT 2009"]
[Source "ChessBase"]
[SourceDate "2008.11.26"]
[SourceVersion "1"]
[SourceVersionDate "2008.11.26"]
[SourceQuality "1"]

1. d4 Nf6 2. Nf3 c5 3. dxc5 e6 4. e3 Bxc5 5. Be2 0-0 6. 0-0 b6 7. b3 Bb7 8. Bb2 Be7 9. c4 Qc7 10. Nbd2 d6 11. Nd4 a6 12. Bf3 Nc6 13. Nxc6 Bxc6 14. Bxc6 Qxc6 15. Qf3 Rfc8 16. Qg3 Ne8 17. Rac1 Bf6 18. Ba3 Rc7 19. e4 Rac8 20. Qd3 Qb7 21. Rcd1 Rc6 22. f4 b5 23. Rf3 Qb6+ 24. Kh1 Qa5 25. b4 Qa4 26. Qb3 Qxb3 27. axb3 Kf8 28. Rd3 g6 29. Kg1 Bg7 30. Kf2 f5 31. Kf3 R8c7 32. h3 Ke7 33. g4 fxe4+ 34. Kxe4 d5+ 35. cxd5 Nf6+ 36. Kf3 Nxd5 37. Ne4 Rc2 38. Nc5 Rc6 39. f5 gxf5 40. gxf5 Ra2 41. Bc1 Nf6 42. fxe6 Ra1 43. Rd7+ Kf8 44. Rf7+ 1-0